[Event "Biel ATO 55th"]
[Site "Biel"]
[Date "2022.??.??"]
[Round "7"]
[White "Aegerter, Fabrice"]
[Black "Klein, Ethan J"]
[Result "0-1"]
[WhiteElo "1797"]
[BlackElo "1952"]
[PlyCount "64"]
[EventDate "2022.07.13"]
[EventType "swiss"]
[EventRounds "9"]
[EventCountry "SUI"]
[SourceTitle "EXT 2024"]
[Source "ChessBase"]
[SourceDate "2023.10.10"]
[SourceVersion "1"]
[SourceVersionDate "2023.10.10"]
[SourceQuality "1"]

1. d4 d5 2. Bf4 c5 3. e3 Nc6 4. c3 Nf6 5. Nd2 cxd4 6. exd4 g6 7. Ngf3 Bg7 8. Bd3 0-0 9. Qe2 Nh5 10. Bg3 Bh6 11. Ne5 Nf4 12. Bxf4 Bxf4 13. g3 Bh6 14. h4 Nxe5 15. dxe5 d4 16. c4 Qa5 17. f4 f6 18. e6 f5 19. h5 Rf6 20. hxg6 Rxe6 21. Rxh6 Rxe2+ 22. Kxe2 hxg6 23. Rxg6+ Kf7 24. Rg5 Be6 25. Rh1 Rg8 26. Rh7+ Kf8 27. Nf3 Qxa2 28. Nxd4 Bxc4 29. Rxf5+ Ke8 30. Re5 Bxd3+ 31. Kxd3 Rxg3+ 32. Kc2 Qc4+ 0-1

[Event "USA tt"]
[Site "ICC INT"]
[Date "2014.09.23"]
[Round "5"]
[White "Klein, Ethan J"]
[Black "Mu, Joshua"]
[Result "1-0"]
[WhiteElo "1936"]
[BlackElo "2203"]
[PlyCount "163"]
[EventDate "2014.08.26"]
[EventType "team-tourn"]
[EventRounds "10"]
[EventCountry "USA"]
[SourceTitle "CBM 162 Extra"]
[Source "ChessBase"]
[SourceDate "2014.10.17"]
[SourceVersion "1"]
[SourceVersionDate "2014.10.17"]
[SourceQuality "1"]
[WhiteTeam "New Jersey"]
[BlackTeam "Carolina"]
[WhiteTeamCountry "USA"]
[BlackTeamCountry "USA"]

1. d4 Nf6 2. c4 g6 3. Nc3 d5 4. Bg5 Ne4 5. Bh4 Bg7 6. cxd5 Nxc3 7. bxc3 Qxd5 8. e3 c5 9. Qf3 Qd8 10. Bb5+ Nd7 11. Ne2 0-0 12. 0-0 a6 13. Bxd7 Qxd7 14. Rab1 cxd4 15. cxd4 e5 16. Bf6 exd4 17. Bxg7 Kxg7 18. Nxd4 a5 19. Rb6 Qd8 20. Rfb1 Ra6 21. Rxa6 bxa6 22. h3 Qc7 23. Qc6 Qxc6 24. Nxc6 Be6 25. Nxa5 Bxa2 26. Rb6 Ra8 27. f3 Kf8 28. Kf2 Ke8 29. g4 Kd7 30. g5 Bd5 31. e4 Kc7 32. Rb4 Be6 33. Rb7+ Kd6 34. h4 Ke5 35. Ke3 Rc8 36. f4+ Kd6 37. Kd4 Ba2 38. Rb6+ Kc7 39. Rxa6 Rd8+ 40. Kc5 Rd2 41. Ra7+ Kc8 42. Nc6 Be6 43. Ne5 Rf2 44. Nxf7 Rxf4 45. Nd6+ Kb8 46. Rb7+ Ka8 47. Rxh7 Rf1 48. Rg7 Rc1+ 49. Kd4 Rc6 50. Ke5 Bg4 51. Rxg6 Kb8 52. Kd5 Ra6 53. e5 Ra5+ 54. Kd4 Kc7 55. Rf6 Ra4+ 56. Ke3 Bh5 57. Ne4 Ra3+ 58. Kd4 Rg3 59. e6 Rg4 60. Rh6 Be8 61. Ke5 Bc6 62. Nf6 Rg1 63. Rh7+ Kb6 64. Nd7+ Kb5 65. Kf6 Kc4 66. g6 Kd5 67. g7 Kd6 68. Kf7 Bd5 69. Nf8 Rf1+ 70. Kg8 Ke7 71. Ng6+ Kxe6 72. Kh8 Kf6 73. Ne7 Bf7 74. g8Q Bxg8 75. Kxg8 Ra1 76. Rf7+ Ke6 77. h5 Rh1 78. Rh7 Kf6 79. h6 Rd1 80. Rf7+ Ke6 81. h7 Rg1+ 82. Rg7 1-0